Les 151 Pokémons de la 1G - Statistiques

Statistiques générales
  • Ce quiz a été pris 1 781 fois
  • Le résultat moyen est 111 sur 151
Statistiques - réponses
Hint Réponse % Correct
4 Salamèche
98%
1 Bulbizarre
97%
7 Carapuce
96%
6 Dracaufeu
96%
3 Florizarre
96%
5 Reptincel
96%
2 Herbizarre
95%
9 Tortank
95%
8 Carabaffe
94%
25 Pikachu
94%
151 Mew
93%
10 Chenipan
91%
150 Mewtwo
91%
26 Raichu
91%
16 Roucool
90%
13 Aspicot
89%
148 Draco
89%
12 Papilusion
89%
18 Roucarnage
89%
11 Chrysacier
88%
147 Minidraco
88%
17 Roucoups
88%
146 Sulfura
88%
149 Dracolosse
87%
144 Artikodin
86%
14 Coconfort
86%
133 Évoli
86%
74 Racaillou
86%
134 Aquali
85%
15 Dardargnan
84%
130 Léviator
84%
129 Magicarpe
84%
136 Pyroli
84%
135 Voltali
84%
75 Gravalanch
83%
19 Rattata
83%
94 Ectoplasma
82%
145 Électhor
82%
92 Fantominus
82%
76 Grolem
82%
29 Nidoran Femelle
82%
32 Nidoran Mâle
82%
21 Piafabec
82%
20 Rattatac
82%
93 Spectrum
82%
63 Abra
81%
34 Nidoking
81%
31 Nidoqueen
81%
30 Nidorina
81%
22 Rapasdepic
81%
65 Alakazam
80%
66 Machoc
80%
67 Machopeur
80%
33 Nidorino
80%
95 Onix
80%
23 Abo
79%
59 Arcanin
79%
58 Caninos
79%
64 Kadabra
79%
68 Mackogneur
78%
52 Miaouss
78%
143 Ronflex
78%
24 Arbok
77%
39 Rondoudou
77%
120 Stari
77%
43 Mystherbe
76%
44 Ortide
76%
45 Rafflesia
76%
121 Staross
76%
126 Magmar
75%
53 Persian
75%
69 Chétiflor
74%
38 Feunard
74%
40 Grodoudou
74%
70 Boustiflor
73%
37 Goupix
73%
140 Kabuto
73%
142 Ptéra
73%
100 Voltorbe
73%
71 Empiflor
72%
141 Kabutops
72%
81 Magnéti
72%
41 Nosferapti
72%
77 Ponyta
72%
109 Smogo
72%
138 Amonita
71%
101 Électrode
71%
125 Élektek
71%
78 Galopa
71%
82 Magnéton
71%
36 Mélodelfe
71%
35 Mélofée
71%
110 Smogogo
71%
139 Amonistar
70%
42 Nosferalto
70%
118 Poissirène
70%
107 Tygnon
70%
89 Grotadmorv
69%
106 Kicklee
69%
88 Tadmorv
69%
50 Taupiqueur
69%
123 Insécateur
68%
119 Poissoroy
68%
27 Sabelette
68%
28 Sablaireau
68%
128 Tauros
68%
124 Lippoutou
67%
131 Lokhlass
66%
86 Otaria
66%
51 Triopikeur
66%
87 Lamantine
65%
113 Leveinard
65%
111 Rhinocorne
65%
115 Kangourex
64%
48 Mimitoss
64%
112 Rhinoféros
64%
60 Ptitard
62%
49 Aéromite
61%
55 Akwakwak
61%
57 Colossinge
61%
132 Métamorph
61%
54 Psykokwak
61%
56 Férosinge
60%
105 Ossatueur
60%
104 Osselait
60%
97 Hypnomade
59%
62 Tartard
59%
61 Têtarte
59%
122 M. Mime
58%
102 Noeunoeuf
58%
96 Soporifik
58%
72 Tentacool
58%
73 Tentacruel
58%
83 Canarticho
57%
91 Crustabri
57%
84 Doduo
57%
103 Noadkoko
57%
137 Porygon
57%
85 Dodrio
56%
79 Ramoloss
56%
80 Flagadoss
55%
90 Kokiyas
55%
127 Scarabrute
55%
117 Hypocéan
54%
116 Hypotrempe
54%
46 Paras
54%
47 Parasect
53%
114 Saquedeneu
52%
99 Krabboss
51%
98 Krabby
51%
108 Excelangue
49%
Aucun quiz correspondant
Distribution des résultats
% des personnes avec chaque résultat
Percentile par nombre de réponses
Votre historique - résultats
Vous n’avez pas pris ce quiz